Chuyện tình của mẹ

Salvato in:
Dettagli Bibliografici
Autore principale: RUTH RENDELL
Natura: Libro
Lingua:Undetermined
Pubblicazione: Văn học 2000
Tags: Aggiungi Tag
Nessun Tag, puoi essere il primo ad aggiungerne! !
Thư viện lưu trữ: Trung tâm Học liệu Trường Đại học Cần Thơ
LEADER 00408nam a2200145Ia 4500
001 CTU_48778
008 210402s9999 xx 000 0 und d
082 |a 823.914 
082 |b R397 
100 |a RUTH RENDELL 
245 0 |a Chuyện tình của mẹ 
245 0 |c RUTH RENDELL, Văn Hòa, Nhất Anh 
260 |b Văn học 
260 |c 2000 
980 |a Trung tâm Học liệu Trường Đại học Cần Thơ